00845nam a2200217 i 450000100060000000300090000600500170001500700030003200800410003510000300007624501640010625000120027026000350028230000350031770000310035270000280038370000450041185200320045699900170048895201220050536486ES-MaACL20230906155359.0t|030218s1970 mx ||||1| spa d1 aBrandwein, Paul F.93135910aQuímica b: la materia, sus formas y sus cambios / cPaul F. Brandwein, Robert Stollberg, R. Will Burnet ; [traducida por: Xorge A. Domínguez Sepúlveda]. a1ª ed. aMéxico : bCultural, c1970. aXII, 562 p. : bil. ; c24 cm.1 aStollberg, Robert.91082921 aBurnet, R. Will.9327351 aDomínguez Sepúlveda, Xorge A.945251 aES-MaACLjC-44048 bR.76615 c36486d36486 00104070aATENEOMbATENEOMcDEPO2d2008-01-17eSCl0oC-44048p1038328r2023-02-23 00:00:00w2023-02-23yMONOGRAFIA